| 000 | 01001nam a22003017a 4500 | ||
|---|---|---|---|
| 001 | 7887 | ||
| 003 | FISKH | ||
| 005 | 20250813091858.0 | ||
| 008 | 250813b cb ||||| |||| 00| 0 eng d | ||
| 020 | _a9781933693101 | ||
| 040 |
_aDLC _cDLC _dDLC _beng |
||
| 050 | _aPZ73 .G27 | ||
| 082 | _a220.5208 | ||
| 100 | 1 | _aGarza, Xavier | |
| 245 | 1 | 0 |
_aLucha libre : _bThe Man in the Silver Mask : a bilingual cuento / _cWritten & illustrated by Xavier Garza. |
| 250 | _aThis edition first published in 2005 | ||
| 260 |
_aHongkong : _bCinco, _c2005 |
||
| 300 |
_a39 unnumbered pages : _bcolor illustrations ; _c28 cm |
||
| 505 | _aR | ||
| 520 | _aWhen Carlitos attends a wrestling match in Mexico City with his father, his favorite masked-wrestler has eyes that are strangely familiar. | ||
| 521 | 8 |
_a720
_bLexile |
|
| 521 | 8 |
_aR
_bRaz-Plus |
|
| 650 | 1 |
_aUncles _vFiction. |
|
| 650 | 1 |
_aHeroes _vFiction. |
|
| 700 |
_aGarza, Xavier _dillustrator |
||
| 942 |
_2ddc _cBK _n0 |
||
| 999 |
_c7887 _d7887 |
||